00273nam a22001097a 4500020001800000040000900018082001800027100001800045245003200063260003600095650003200131 a9780340568224 cNust a629.25bHEI'A aHeinz Heisler aAdvanced engine technology  aU.K:bSAE International,c1995. aAdvanced engine technology